| 000 | 00575ntaaa2200193 4500 | ||
|---|---|---|---|
| 003 | 01 | ||
| 005 | 20251027202835.0 | ||
| 008 | 0714s1973 ag 01 | ||
| 040 |
_aAR-BaBN _bspa _cAR-BaBN _eaacr _dRIC |
||
| 082 | _a268.6300 W14 | ||
| 100 |
_aWaldrup, Earl _918372 |
||
| 245 | _aUsing visual aids in a church | ||
| 250 | _a1 ed. | ||
| 260 |
_aNashville : _bConvention Press, _cc1949, 1957 |
||
| 300 | _a178 p | ||
| 500 | _aUsando materiales visuales en la iglesia.Ej. 2 (11986) retirado definitivamente de biblioteca 8/77 | ||
| 650 |
_aeducación visual _924205 |
||
| 942 | _cBK | ||
| 999 |
_c23798 _d23798 |
||